Who Loves Nuts Quiz Stats

 Plays Quiz not verified by Sporcle

Score 0/8 Timer 10:00
0 Plays Today
% Correct
Beej
94.1%
beej
64.7%
beej
58.8%
john mitchell
41.2%
chipmunks
29.4%
bill watters
23.5%
darren dreger
23.5%
the fatso that lives downstairs
11.8%

You're not logged in!

Compare scores with friends on all Sporcle quizzes.
OR
Log In

Show Comments

Extras

Created Nov 17, 2010ReportNominate
Tags:love, nut, person

Top Quizzes Today


Score Distribution

Your Account Isn't Verified!

In order to create a playlist on Sporcle, you need to verify the email address you used during registration. Go to your Sporcle Settings to finish the process.

Report this User

Report this user for behavior that violates our Community Guidelines.

Details: